000 00391nam a2200145Ia 4500
008 151213s9999 xx 000 0 und d
100 _aAdvocate Salaman Mazumder Jewel
245 _aCyber Law
_cAdvocate Salaman Mazumder Jewel
260 _aNew Delhi
_bTata Mc Graw Hill
300 _a6450 p.
650 _aLaw
650 _aLaw
700 _aAdvocate Salaman Mazumder Jewel
999 _c3567
_d3567